| 000 | 00700nam a2200241 a 4500 | ||
|---|---|---|---|
| 005 | 20210219153128.0 | ||
| 008 | 991125n 000 0 u | ||
| 035 | _aUPN01000079229 | ||
| 100 | _aRosser, Sue V. | ||
| 222 | _aJOURNAL OF GENERAL EDUCATION | ||
| 245 | _aFemale friendly science : including women in curricular content and pedagogy in science | ||
| 300 | _a191-220 | ||
| 362 | _a42, No. 3, 1993 | ||
| 505 | _aDiciembre 1993 | ||
| 653 | 0 | _aCURRICULUM CIENTIFICO | |
| 653 | 0 | _aDESARROLLO CURRICULAR | |
| 653 | 0 | _aEDUCACION CIENTIFICA | |
| 653 | 0 | _aMETODOS DE ENSE\197ANZA | |
| 653 | 0 | _aMUJERES | |
| 653 | 0 | _aTENDENCIAS SEXUALES | |
| 904 |
_aAC _b017040 |
||
| 905 | _aArticulo | ||
| 999 |
_c68978 _d68978 |
||